| 000 | 00523nam a2200169Ia 4500 | ||
|---|---|---|---|
| 008 | 151021s9999 xx 000 0 und d | ||
| 020 | _a9966846028 | ||
| 050 | _aHC865 .A22 2011 | ||
| 245 | _a_Basic concepts of microeconomics with special reference to kenya C.Ackello Ogutu | ||
| 260 | _aNairobi University of Nairobi 2011 | ||
| 300 | _axii,207p.;ill | ||
| 500 | _aIncludes index. | ||
| 500 | _aIncludes index. | ||
| 650 | _a_Microeconomics | ||
| 700 | _a_John J.Waelti | ||
| 980 | _a^d20130819 10:50:39^oanne | ||
| 999 |
_c14387 _d14387 |
||